Sports Quiz

Random Sports or MLB Quiz

MLB Rookie No-Hitters Quiz Stats

 Plays Quiz Updated Aug 15, 2021

Support Sporcle.
Go Orange.
Score 0/23 Timer 06:00
3 Plays Today
Year Player % Correct
2006Anibal Sanchez
57.3%
2021Tyler Gilbert
54.3%
2007Clay Buchholz
54.3%
2001Bud Smith
35.6%
1970Vida Blue
28.2%
2015Chris Heston
27.1%
1901Christy Mathewson
26.5%
1934Paul Dean
18.6%
1991Wilson Alvarez
18.3%
1999Jose Jimenez
13.5%
1967Don Wilson
12%
1955Sam Jones
11.4%
Year Player % Correct
1973Steve Busby
9%
1962Bo Belinsky
7.6%
1953Bobo Holloman
6.5%
1972Burt Hooton
6.2%
1983Mike Warren
5.2%
1973Jim Bibby
4.8%
1922Charlie Robertson
4.5%
1907Nick Maddox
3.7%
1912Jeff Tesreau
2.5%
1935Vern Kennedy
2.3%
1947Bill McCahan
2.1%

From the Vault

NFL Two 350+ Yard Passers in a Game

by sultanofswing

Sports 12m
This can only be good for your fantasy team.
Remove Ads.
Support Sporcle.
Get the best of Sporcle when you Go Orange. This ad-free experience offers more features, more stats, and more fun while also helping to support Sporcle. Thank you for becoming a member.

Show Comments

Extras

Top Quizzes Today


Score Distribution

Your Account Isn't Verified!

In order to create a playlist on Sporcle, you need to verify the email address you used during registration. Go to your Sporcle Settings to finish the process.

Report this User

Report this user for behavior that violates our Community Guidelines.

Details: